Normal view
MARC view
- Safar nama
Entry Topical Term
001 - CONTROL NUMBER
- control field: 3522
003 - CONTROL NUMBER IDENTIFIER
- control field: NUST
005 - DATE AND TIME OF LATEST TRANSACTION
- control field: 20170721114925.0
008 - FIXED-LENGTH DATA ELEMENTS
- fixed length control field: 170721|| aca||aabn | a|a d
040 ## - CATALOGING SOURCE
- Original cataloging agency: NUST
- Transcribing agency: NUST
150 ## - HEADING--TOPICAL TERM
- Topical term or geographic name entry element: Safar nama
670 ## - SOURCE DATA FOUND
- Source citation: Work cat.: (NUST): Toufeeq, Muhammad 3521, Urdu safar namy ka gul -e khud rou- Muhammad Toufeeq/, 2005
